Guess the Fusion Rock Song Lyrics #198 - Statistics

General Stats
  • This quiz has been taken 11 times
  • The average score is 197 of 250
Answer Stats
Answer % Correct
a
100%
A
100%
and
100%
And
100%
I
100%
love
100%
that
100%
the
100%
we
100%
you
100%
be
89%
do
89%
in
89%
It's
89%
just
89%
Just
89%
me
89%
my
89%
so
89%
to
89%
want
89%
When
89%
when
89%
with
89%
can't
78%
close
78%
eyes
78%
hand
78%
hands
78%
hear
78%
hold
78%
I'm
78%
is
78%
Is
78%
knew
78%
Leo Sayer
78%
like
78%
need
78%
never
78%
of
78%
out
78%
take
78%
there
78%
was
78%
your
78%
all
67%
All
67%
But
67%
but
67%
by
67%
day
67%
know
67%
much
67%
night
67%
not
67%
won't
67%
you're
67%
away
56%
babe
56%
beat
56%
easy
56%
forever
56%
give
56%
heart
56%
here
56%
Keeping
56%
only
56%
place
56%
road
56%
side
56%
smile
56%
that's
56%
touch
56%
us
56%
warm
56%
bear
44%
between
44%
cold
44%
driver
44%
heavy
44%
lifetime
44%
load
44%
Miles
44%
miles
44%
Oh
44%
right
44%
telephone
44%
traveling
44%
darling
33%
empty
33%
space
33%
Honey
22%
No matching quizzes found
Score Distribution
Percent of People with Each Score
Percentile by Number Answered
Your Score History
You have not taken this quiz